000 00257nam a2200097Ia 4500
001 929607
005 20250826191657.0
008 250824s9999 xx 000 0 und d
245 0 _aYETİM SERÇENİN SERÜVENLERİ
_cSADETTİN KAPLAN
260 _bBİLGE YAYINLARI
999 _c929607
_d929607